| 000 | 01437nam a2200289Ia 4500 | ||
|---|---|---|---|
| 003 | OSt | ||
| 005 | 20201210175650.0 | ||
| 008 | 191128s2012 ck ad gr 000 0 spa d | ||
| 020 | _a9789586487924 | ||
| 040 |
_aCO-JMCR _cCO-JMCR |
||
| 041 | 0 | _aspa | |
| 082 | 2 | 4 |
_a658.404 / _bT686g _223 |
| 100 | 1 |
_aToro López, Francisco J., _eautor _912537 |
|
| 245 | 1 | 0 |
_aGestión de proyectos con enfoque PMI : _bproject y Excel / _cFrancisco J.Toro López |
| 250 | _aSegunda edición | ||
| 260 |
_aBogotá : _bEcoe, _c2012 |
||
| 300 |
_axviii, 327 páginas : _bgráficos a blanco y negro ; _c24 cm. |
||
| 490 | 0 | _aCiencias administrativas. Administración | |
| 500 | _aIncluye datos biográficos del autor en solapa. | ||
| 504 | _aBibliografía: página 327 | ||
| 505 | 0 | _aConsideraciones generales sobre proyectos -- Planeación de proyectos -- La administración y el control de proyectos -- Técnicas de intercambio de información y de colaboración -- Microsoft project en ambientes corporativos | |
| 520 | 0 | _aLa intención de esta obra es facilitar el manejo de proyectos de muy diversa complejidad en todas las fases de su planeción, asignación y análisis de los recursos necesarios, sus costos y cargas de trabajo y la ejecución de las tareas en aras de cumplir | |
| 650 | 2 | 4 |
_aAdministración de proyectos _912200 |
| 650 | 2 | 4 |
_aProgramas para computador _912540 |
| 650 | 2 | 4 |
_aControl de proyectos _912515 |
| 942 |
_2ddc _cBK |
||
| 999 |
_c6373 _d6373 |
||